00693nam a2200205Ia 4500003000400000005001700004006001900021007000300040008004100043024001000084037001300094040001800107041001300125100002100138110007400159245015800233260000900391300001300400700007400413OSt20221006164911.0a|||||r|||| 00| 0 ta221006b |||||||| |||| 00| 0 hin d a7,631 cTheseses aFMLcFMLbhin 2hinahin aSharma Seema Au. aDelhi University. Faculty of Music and Fine Arts. Department of Music 0aBandish Ka Siddhant, Rachna Prakriya Evam Parivartit Swaroop - Uttar Bharatiya Shashtriya Tat Vadyo Ke Vishisth Sandarbh Main 18 vi Se 20 vi Shatabdi Tak c2001 a274ccm. aDelhi University. Faculty of Music and Fine Arts. Department of Music